Normal view
MARC view
- Jawatankuasa Penyediaan Buku Nilai dan Etika Dalam Perkhid matan Awam
Entry Corporate Name
001 - CONTROL NUMBER
- control field: 563
003 - CONTROL NUMBER IDENTIFIER
- control field: OSt
005 - DATE AND TIME OF LATEST TRANSACTION
- control field: 20170428085937.0
008 - FIXED-LENGTH DATA ELEMENTS
- fixed length control field: 170428|| aca||aabn | a|a d
040 ## - CATALOGING SOURCE
- Original cataloging agency: OSt
- Transcribing agency: OSt
110 ## - HEADING--CORPORATE NAME
- Corporate name or jurisdiction name as entry element: Jawatankuasa Penyediaan Buku Nilai dan Etika Dalam Perkhid matan Awam
670 ## - SOURCE DATA FOUND
- Source citation: Work cat.: (OSt)0: Nilai dan etika dalam perkhidmatan awam /, 1991

PORTAL AKMAL
E-MEL JKDM
AKMAL2U
G-BAM
u-PUSTAKA